Brightest Cities - Statistics

General Stats
  • This quiz has been taken 13 times
  • The average score is 8 of 20
Answer Stats
Hint Answer % Correct
North America Chicago
90%
Europe Moscow
80%
North America Mexico City
70%
Europe Saint Petersburg
70%
North America Toronto
60%
North America Denver
50%
North America Detroit
50%
North America Miami
50%
North America Montreal
50%
South America Buenos Aires
30%
North America Calgary
30%
North America Edmonton
30%
Asia Mecca
30%
Asia Riyadh
30%
Europe Helsinki
20%
Asia Medina
20%
Europe Chelyabinsk
10%
Europe Kazan
10%
Asia Kuwait City
10%
Africa Tangier
10%
No matching quizzes found
Score Distribution
Percent of People with Each Score
Percentile by Number Answered
Your Score History
You have not taken this quiz